Plants that heal, thrill and kill

Bibliographic Details
Main Author: Wee Yeow Chin
Format: Book
Published: Singapore : SNP Panpac Pte Ltd , 2005
Subjects:

MARC

LEADER 00000cam a2200000 7i4500
001 0000100607
005 20060503.0
020 |a 9812480137 
090 0 0 |a 581.634   |b WEE 
100 0 |a Wee Yeow Chin 
245 1 0 |a Plants that heal, thrill and kill   |c Wee Yeow Chin 
260 |a Singapore :   |b SNP Panpac Pte Ltd ,   |c 2005 
300 |a 172p. :   |b ill. ;   |c 26cm. 
650 0 0 |a Medicinal plants   |x Identification 
650 0 0 |a Poisonous plants   |x Identification 
650 0 0 |a Psychotropic plants   |x Identification 
999 |a 00192174   |b BUKU   |c PINJAMAN   |e PERPUSTAKAAN KOMUNITI PETALING JAYA